000 00834naa a22002177i 4500
001 232414
003 ES-MaBCM
005 20260219170934.0
008 260219s2023 sp ||||| |||| 00| 0 spa d
040 _cES-MaBCM
100 1 _aPozuelo Pérez, Laura
_937745
245 1 0 _aPena de muerte y cadena perpetua para menores infractores :
_bla necesidad de combatir la crueldad con los estándares de decencia
_cLaura Pozuelo Pérez
500 _aContiene tablas
504 _aIncluye referencias bibliográficas
650 7 _aSanción penal
_960174
650 7 _aCárcel
_959891
650 7 _aPena de muerte
_959744
650 7 _aDelincuencia juvenil
_958247
773 0 _dValencia : Tirant lo Blanch , 2023
_gp. [167]-191 - Loc. 62618
_tLa crueldad en las constituciones y en los convenios internacionales
_w225307
942 _2udc
_cAMON
999 _c232414
_d232414